UEFA Champions League winners - Statistics

General Stats
  • This quiz has been taken 31 times
  • The average score is 22 of 23
Answer Stats
Hint Answer % Correct
2015 Barcelona
100%
2011 Barcelona
100%
2009 Barcelona
100%
2006 Barcelona
100%
2019 Liverpool
100%
2005 Liverpool
100%
2022 Real Madrid
100%
2018 Real Madrid
100%
2017 Real Madrid
100%
2016 Real Madrid
100%
2014 Real Madrid
100%
2002 Real Madrid
100%
2000 Real Madrid
100%
2020 Bayern Munich
96%
2013 Bayern Munich
96%
2001 Bayern Munich
96%
2021 Chelsea
96%
2012 Chelsea
96%
2008 Manchester United
93%
2010 Inter Milan
89%
2004 Porto
81%
2007 Milan
78%
2003 Milan
78%
No matching quizzes found
Score Distribution
Percent of People with Each Score
Percentile by Number Answered
Your Score History
You have not taken this quiz